Comprehensive organic functional Group Transformations Volume 7 : Indexes

Enregistré dans:
Détails bibliographiques
Autres auteurs: Katritzky, Alan R. (ed)
Format: Livre
Langue:anglais
Publié: Oxford Elsevier Science 1995
Sujets:
Accès en ligne:Voir à l'OPAC
Tags: Ajouter un tag
Pas de tags, Soyez le premier à ajouter un tag!

MARC

LEADER 00000nam a2200000 a 4500
005 20260127134329.0
008 090522 1995 enk 000 0 eng d
020 |a 0080406041 (set) 
020 |a 0080427057 (v.7) 
035 |a vtls009515861 
039 9 |y 200905221218  |z mschk03 
040 |a STUSCHK1  |b slo  |c STUSCHK1  |e AACR2 
245 1 |a Comprehensive organic functional Group Transformations  |n Volume 7 : Indexes  |c Editors-in Chief Alan R. Katritzky 
260 |a Oxford  |b Elsevier Science  |c 1995 
300 |a xvii, 1251 s.  |c 28 cm 
650 0 |a organická chémia 
700 1 |a Katritzky, Alan R.  |4 ed 
910 |a SCHK95 
919 |a 0-08-040604-1 (set) 
919 |a 0-08-042705-7 (v.7) 
999 |c 10015  |d 10015